000 00693nam a2200241 a 4500
005 20140310183324.0
008 060714s19uu xx 00 eng d
020 _a1582558396
050 _aRC 55
_b.H265 2004
245 _aHandbook of diseases:
_bsigns & symptons, diagnosis, treatment.
250 _a3rd ed.
260 _aU.S.A :
_bLippincott Williams & Wilkins,
_c2004.
300 _avi, 986 p. :
_bill. ;
_c20 cm.
521 _aNUR
650 _aDiseases
_xhandbooks, manuals, etc.
650 _aDiseases
_xhandbooks.
650 _aDiagnosis
_xhandbooks.
650 _aTherapeutic
_xhandbooks.
942 _cBK
_2lcc
_kFOR
999 _c21466
_d21466